000
00339nam a2200145Ia 4500
008
230718s9999 xx 000 0 und d
041
_a
Eng.
082
_a
163
_b
NEG-T
100
_a
Negotiable Act
245
4
_a
The Negotiable Instruction
260
_a
Pakistan
_b
Kauser Publishers
_c
1881
300
_a
136
650
_a
Law
999
_c
27744
_d
27744